[Event "Tradewise Gibraltar Chess Festival 2013"]
[Site "Gibraltar ENG"]
[Date "2013.01.22"]
[Round "1.30"]
[White "Kvisla, Johannes Luangtep"]
[Black "Zhao, Xue"]
[Result "1/2-1/2"]
[WhiteElo "2148"]
[BlackElo "2554"]
[PlyCount "94"]
[EventDate "2013.01.22"]
[EventType "swiss"]
[EventRounds "10"]
[EventCountry "ENG"]
[Source "lmi"]
[SourceDate "2013.01.22"]

1. d4 Nf6 2. c4 e6 3. g3 Bb4+ 4. Bd2 c5 5. Bxb4 cxb4 6. Bg2 O-O 7. Nf3 d6 8.
O-O Re8 9. a3 Na6 10. axb4 Nxb4 11. Nc3 Bd7 12. e4 e5 13. dxe5 dxe5 14. Nd5
Nfxd5 15. exd5 Qc7 16. Ng5 Bf5 17. d6 Qxc4 18. Bxb7 Rad8 19. Qf3 Qd3 20. Rxa7
Rxd6 21. Be4 Qxf3 22. Bxf3 f6 23. Ne4 Rd4 24. Nc3 Kf8 25. Nb5 Rd2 26. Rc1 e4
27. Bg2 Nd3 28. Rcc7 Ne5 29. Nc3 Nf3+ 30. Bxf3 exf3 31. Rf7+ Kg8 32. Rxg7+ Kh8
33. Rge7 Rxe7 34. Rxe7 Rxb2 35. Re1 Kg7 36. Nd5 Ra2 37. Ne3 Be6 38. Ng2 Kf7 39.
Nf4 Bc4 40. h4 Bb5 41. Rb1 Bd7 42. Re1 Rd2 43. Ra1 Ke7 44. Kf1 Rd4 45. Ke1 Ba4
46. Kf1 Bb5+ 47. Ke1 Ba4 1/2-1/2

[Event "Tradewise Gibraltar Chess Festival 2013"]
[Site "Gibraltar ENG"]
[Date "2013.01.22"]
[Round "1.32"]
[White "Lipecki, Alexander"]
[Black "Salem, A.R. Saleh"]
[Result "0-1"]
[WhiteElo "2138"]
[BlackElo "2538"]
[PlyCount "62"]
[EventDate "2013.01.22"]
[EventType "swiss"]
[EventRounds "10"]
[EventCountry "ENG"]
[Source "lmi"]
[SourceDate "2013.01.22"]

1. e4 c5 2. b4 cxb4 3. a3 bxa3 4. Nxa3 d6 5. d4 Nf6 6. Bd3 Nc6 7. Ne2 g6 8. c3
Bg7 9. O-O O-O 10. f4 d5 11. e5 Ne4 12. Bxe4 dxe4 13. Ng3 f6 14. Nxe4 fxe5 15.
Qb3+ Kh8 16. dxe5 Bf5 17. Ng5 Qd3 18. Nb5 Bxe5 19. Rf3 Qe2 20. Ra2 Qe1+ 21. Rf1
Qxc1 22. Rxc1 Bxf4 23. Re1 Bxg5 24. Nc7 Rad8 25. Qxb7 Ne5 26. Rxe5 Rd1+ 27. Kf2
Bd3+ 28. Qf3 Rf1+ 29. Kg3 R1xf3+ 30. gxf3 Bf4+ 31. Kg2 Bxe5 0-1

[Event "Tradewise Gibraltar Chess Festival 2013"]
[Site "Gibraltar ENG"]
[Date "2013.01.22"]
[Round "1.33"]
[White "Ibarra Jerez, Jose Carlos"]
[Black "Valhondo Morales, Ruben"]
[Result "1-0"]
[WhiteElo "2538"]
[BlackElo "2136"]
[PlyCount "81"]
[EventDate "2013.01.22"]
[EventType "swiss"]
[EventRounds "10"]
[EventCountry "ENG"]
[Source "lmi"]
[SourceDate "2013.01.22"]

1. e4 c5 2. Nf3 a6 3. c4 d6 4. d4 cxd4 5. Nxd4 Nf6 6. Nc3 e6 7. Be2 Nbd7 8. Be3
b6 9. Qd2 Bb7 10. f3 Be7 11. O-O O-O 12. Rfc1 Rc8 13. b4 Re8 14. Rab1 Bf8 15.
Bf1 Ne5 16. Na4 Nfd7 17. Qf2 Ba8 18. Nb3 Rb8 19. Nc3 Qc7 20. Nd4 Nf6 21. h3 h5
22. f4 Ned7 23. Bd3 Bb7 24. Nf3 g6 25. Rc2 Rbc8 26. Ng5 Bg7 27. Rf1 Qb8 28. Qg3
Ba8 29. Rff2 Bb7 30. Kh1 Ba8 31. a3 Bb7 32. Rfd2 Ba8 33. Bg1 Bb7 34. e5 dxe5
35. fxe5 Nh7 36. Nxf7 Nhf8 37. Bxg6 Nxg6 38. Qxg6 Rxc4 39. Nd6 Rh4 40. Nxe8
Rxh3+ 41. Bh2 1-0

[Event "Tradewise Gibraltar Chess Festival 2013"]
[Site "Gibraltar ENG"]
[Date "2013.01.22"]
[Round "1.34"]
[White "Linhart, Wolfgang"]
[Black "Gordon, Stephen J"]
[Result "0-1"]
[WhiteElo "2130"]
[BlackElo "2533"]
[PlyCount "68"]
[EventDate "2013.01.22"]
[EventType "swiss"]
[EventRounds "10"]
[EventCountry "ENG"]
[Source "lmi"]
[SourceDate "2013.01.22"]

1. d4 Nf6 2. Nf3 d5 3. e3 c5 4. c3 Qc7 5. Bd3 Bg4 6. Nbd2 e6 7. h3 Bh5 8. O-O
Nc6 9. Bb5 Bd6 10. Qa4 O-O 11. Bxc6 bxc6 12. dxc5 Bxc5 13. Nd4 Rac8 14. Re1 e5
15. Nf5 Bg6 16. Ng3 Nd7 17. b4 Be7 18. e4 f5 19. exf5 Bxf5 20. Ndf1 Bg6 21. Qd1
Nb6 22. a4 a5 23. bxa5 Nc4 24. Ne3 Nxa5 25. Ba3 Bxa3 26. Rxa3 Rcd8 27. Qg4 Qf7
28. Rf1 Bd3 29. Raa1 Nb3 30. Rad1 Bxf1 31. Rxf1 Kh8 32. Qe2 Rfe8 33. Ng4 e4 34.
Ne3 c5 0-1

[Event "Tradewise Gibraltar Chess Festival 2013"]
[Site "Gibraltar ENG"]
[Date "2013.01.22"]
[Round "1.35"]
[White "Cramling, Pia"]
[Black "Pinho, Paulo"]
[Result "0-1"]
[WhiteElo "2518"]
[BlackElo "2128"]
[PlyCount "98"]
[EventDate "2013.01.22"]
[EventType "swiss"]
[EventRounds "10"]
[EventCountry "ENG"]
[Source "lmi"]
[SourceDate "2013.01.22"]

1. d4 Nf6 2. c4 c5 3. d5 e5 4. Nc3 d6 5. e4 Be7 6. Bd3 Nbd7 7. Nf3 O-O 8. h3 a6
9. Qe2 Nh5 10. g3 Rb8 11. a3 Kh8 12. h4 Ndf6 13. Nh2 Bd7 14. a4 Qc8 15. Nf1 Bd8
16. Ne3 Ba5 17. Bd2 g6 18. Qf1 Ng7 19. Ng2 Nfh5 20. Be2 f5 21. Bxh5 Nxh5 22.
Qe2 f4 23. gxf4 exf4 24. Qd3 Qe8 25. Qc2 Bg4 26. Qd3 Bd7 27. f3 Kg8 28. Kf2 Bd8
29. Ne2 Bf6 30. Ngxf4 Nxf4 31. Bxf4 Qe7 32. Kg2 Bxb2 33. Rab1 Bf6 34. Rb6 Be5
35. Bg5 Qf7 36. a5 Rbe8 37. Rf1 Bc8 38. f4 Bg7 39. h5 h6 40. Bh4 g5 41. Be1
Qxh5 42. Rxd6 Bh3+ 43. Qxh3 Qxe2+ 44. Kh1 Rxe4 45. f5 g4 46. Qg2 Qxe1 47. Rg6
Qh4+ 48. Qh2 Qxh2+ 49. Kxh2 Rf6 0-1

[Event "Tradewise Gibraltar Chess Festival 2013"]
[Site "Gibraltar ENG"]
[Date "2013.01.22"]
[Round "1.36"]
[White "Janev, Pavel"]
[Black "Jakubiec, Artur"]
[Result "0-1"]
[WhiteElo "2126"]
[BlackElo "2518"]
[PlyCount "64"]
[EventDate "2013.01.22"]
[EventType "swiss"]
[EventRounds "10"]
[EventCountry "ENG"]
[Source "lmi"]
[SourceDate "2013.01.22"]

1. e4 c6 2. d4 d5 3. exd5 cxd5 4. c4 Nf6 5. Nc3 g6 6. cxd5 Nxd5 7. Bc4 Nb6 8.
Bb3 Bg7 9. Be3 O-O 10. Nf3 Bg4 11. h3 Bxf3 12. Qxf3 Nc6 13. Rd1 Na5 14. Bc2
Nbc4 15. Bc1 Nc6 16. O-O Nxd4 17. Qd3 Rc8 18. Bb1 Qa5 19. Ne2 e5 20. Nxd4 exd4
21. b3 Nd6 22. Bb2 Nb5 23. Rc1 Nc3 24. Bxc3 dxc3 25. Rcd1 Bh6 26. a4 Bd2 27.
Bc2 Rfd8 28. Qe4 Qc7 29. b4 b6 30. Ra1 Re8 31. Qf3 Rcd8 32. Ra2 Qc4 0-1

[Event "Tradewise Gibraltar Chess Festival 2013"]
[Site "Gibraltar ENG"]
[Date "2013.01.22"]
[Round "1.38"]
[White "Dasaolu, Rotimi"]
[Black "Cmilyte, Viktorija"]
[Result "0-1"]
[WhiteElo "2115"]
[BlackElo "2515"]
[PlyCount "77"]
[EventDate "2013.01.22"]
[EventType "swiss"]
[EventRounds "10"]
[EventCountry "ENG"]
[Source "lmi"]
[SourceDate "2013.01.22"]

1. Nf3 f5 2. c4 g6 3. d4 Nf6 4. Nc3 d6 5. g3 Bg7 6. Bg2 O-O 7. d5 c6 8. Bg5 e5
9. Qd2 c5 10. O-O Na6 11. Rfd1 Bd7 12. Ne1 Nc7 13. a4 a6 14. a5 Rb8 15. e4 b5
16. axb6 Rxb6 17. Nd3 Rf7 18. Rdb1 Rb3 19. Qc2 Qb8 20. Ra3 Rb7 21. Rba1 Nh5 22.
Qd2 f4 23. gxf4 Nxf4 24. Bxf4 Rxf4 25. Nxf4 Rxb2 26. Qd3 exf4 27. Rf1 Qb4 28.
Nd1 Rd2 29. Qf3 Ba4 30. Rd3 Bd4 31. Kh1 Kg7 32. Bh3 Ne8 33. Rg1 Bxd1 34. Rxd1
Rxf2 35. Qg4 Nf6 36. Qh4 Qb2 37. Be6 f3 38. Rxd4 Rf1+ 39. Rxf1 0-1

[Event "Tradewise Gibraltar Chess Festival 2013"]
[Site "Gibraltar ENG"]
[Date "2013.01.22"]
[Round "1.39"]
[White "Harika, Dronavalli"]
[Black "Byrn, Carsten"]
[Result "1-0"]
[WhiteElo "2514"]
[BlackElo "2114"]
[PlyCount "87"]
[EventDate "2013.01.22"]
[EventType "swiss"]
[EventRounds "10"]
[EventCountry "ENG"]
[Source "lmi"]
[SourceDate "2013.01.22"]

1. Nf3 Nf6 2. d4 g6 3. Nbd2 d5 4. e3 Bg7 5. b4 O-O 6. Be2 b6 7. Bb2 c5 8. dxc5
bxc5 9. bxc5 Na6 10. Bd4 Qa5 11. O-O Nxc5 12. Nb3 Nxb3 13. axb3 Qc7 14. Be5 Qd8
15. Qd4 a6 16. Ra4 Ne8 17. Bxg7 Nxg7 18. Rfa1 Qd6 19. b4 Rb8 20. c3 Ne6 21. Qe5
Rb6 22. Qxd6 Rxd6 23. Bxa6 Rc6 24. R1a3 Bxa6 25. Rxa6 Rxa6 26. Rxa6 Rc8 27. Ra3
Nc7 28. Nd4 e5 29. Nc6 Kf8 30. Nxe5 Nb5 31. Ra5 Rxc3 32. g3 Rc1+ 33. Kg2 Nc3
34. Ra7 Ne4 35. Rxf7+ Kg8 36. Rf4 Rb1 37. Nc6 Kg7 38. Ne7 Rxb4 39. Nxd5 Rc4 40.
Nb6 Rb4 41. h4 h5 42. Nd5 Rc4 43. Nc7 Nd6 44. Ne8+ 1-0

[Event "Tradewise Gibraltar Chess Festival 2013"]
[Site "Gibraltar ENG"]
[Date "2013.01.22"]
[Round "1.40"]
[White "Cawley, Paul F"]
[Black "Kanep, Meelis"]
[Result "0-1"]
[WhiteElo "2113"]
[BlackElo "2512"]
[PlyCount "82"]
[EventDate "2013.01.22"]
[EventType "swiss"]
[EventRounds "10"]
[EventCountry "ENG"]
[Source "lmi"]
[SourceDate "2013.01.22"]

1. e4 c5 2. Nf3 d6 3. d4 cxd4 4. Nxd4 Nf6 5. Nc3 a6 6. Be2 e5 7. Nb3 Be7 8. Be3
Be6 9. O-O Nbd7 10. Qd3 Nb6 11. Bxb6 Qxb6 12. Nd5 Nxd5 13. exd5 Bd7 14. Kh1 f5
15. f4 Bf6 16. fxe5 Bxe5 17. Nd2 O-O 18. Nc4 Qc5 19. b4 Qxb4 20. Rab1 Qc3 21.
Nxe5 Qxe5 22. Rxb7 Rf7 23. c4 f4 24. Bf3 Re8 25. Qa3 g6 26. Rb6 Qd4 27. Rxa6
Qxc4 28. Rg1 Rfe7 29. Ra8 Bc8 30. h3 Re1 31. Qa5 Rxg1+ 32. Kxg1 Qd4+ 33. Kh2
Qf2 34. Be4 Qg3+ 35. Kh1 Kg7 36. Qc7+ Kh6 37. Ra7 Rxe4 38. Qxh7+ Kg5 39. h4+
Qxh4+ 40. Qxh4+ Kxh4 41. Rh7+ Kg3 0-1

[Event "Tradewise Gibraltar Chess Festival 2013"]
[Site "Gibraltar ENG"]
[Date "2013.01.22"]
[Round "1.42"]
[White "Gieritz, Dietmar"]
[Black "Ju, Wenjun"]
[Result "0-1"]
[WhiteElo "2112"]
[BlackElo "2505"]
[PlyCount "64"]
[EventDate "2013.01.22"]
[EventType "swiss"]
[EventRounds "10"]
[EventCountry "ENG"]
[Source "lmi"]
[SourceDate "2013.01.22"]

1. Nf3 d6 2. d4 g6 3. g3 Bg7 4. Bg2 Nd7 5. O-O e5 6. c4 Ne7 7. Nc3 O-O 8. h3 a6
9. e4 exd4 10. Nxd4 Ne5 11. b3 c5 12. Nde2 b5 13. f4 N5c6 14. Rb1 Nd4 15. Be3
Nxe2+ 16. Nxe2 Be6 17. Qd3 bxc4 18. bxc4 Nc6 19. Rfd1 Rc8 20. Kh2 Qa5 21. Rd2
Rfd8 22. Rc2 Nb4 23. Bd2 Nxd3 24. Bxa5 Rb8 25. Rf1 Re8 26. f5 gxf5 27. exf5
Bxc4 28. f6 Rb2 29. Rxb2 Nxb2 30. fxg7 Rxe2 31. Rf5 Be6 32. Rh5 Nc4 0-1

[Event "Tradewise Gibraltar Chess Festival 2013"]
[Site "Gibraltar ENG"]
[Date "2013.01.22"]
[Round "1.44"]
[White "Gallagher, Joseph G"]
[Black "Mckenna, Jason P"]
[Result "1-0"]
[WhiteElo "2499"]
[BlackElo "2110"]
[PlyCount "65"]
[EventDate "2013.01.22"]
[EventType "swiss"]
[EventRounds "10"]
[EventCountry "ENG"]
[Source "lmi"]
[SourceDate "2013.01.22"]

1. e4 g6 2. d4 Bg7 3. Nc3 d6 4. Be3 c6 5. Qd2 b5 6. Bd3 Nd7 7. Nf3 Qc7 8. O-O
Bb7 9. Rfe1 a6 10. a4 b4 11. Ne2 c5 12. Ng3 c4 13. Bf1 a5 14. c3 b3 15. d5 Rc8
16. Nd4 Ba6 17. Nxb3 Ra8 18. Nd4 Nc5 19. Ra3 h5 20. b4 cxb3 21. Bxa6 Nxa6 22.
Rxb3 h4 23. Nge2 Qc4 24. Reb1 Nf6 25. f3 Nc5 26. Rb5 Qxa4 27. Nc6 Nfd7 28. Bd4
f6 29. Qf4 Qc2 30. R5b2 Qd3 31. Qg4 g5 32. Nf4 Qc4 33. Ne6 1-0

[Event "Tradewise Gibraltar Chess Festival 2013"]
[Site "Gibraltar ENG"]
[Date "2013.01.22"]
[Round "1.45"]
[White "Freuler, Roman"]
[Black "Mastrovasilis, Athanasios"]
[Result "0-1"]
[WhiteElo "2098"]
[BlackElo "2498"]
[PlyCount "46"]
[EventDate "2013.01.22"]
[EventType "swiss"]
[EventRounds "10"]
[EventCountry "ENG"]
[Source "lmi"]
[SourceDate "2013.01.22"]

1. e4 c5 2. Nf3 d6 3. d4 cxd4 4. Nxd4 Nf6 5. Nc3 g6 6. Be3 Bg7 7. f3 Nc6 8. Bc4
O-O 9. Qd2 Bd7 10. O-O-O Rb8 11. h4 Na5 12. Bb3 b5 13. Bh6 e5 14. Nde2 b4 15.
Nd5 Nxb3+ 16. cxb3 Nxd5 17. Bxg7 Kxg7 18. Qxd5 Be6 19. Qxd6 Qa5 20. Kb1 Rb6 21.
Rd5 Bxd5 22. Qxe5+ Kg8 23. exd5 Re6 0-1

[Event "Tradewise Gibraltar Chess Festival 2013"]
[Site "Gibraltar ENG"]
[Date "2013.01.22"]
[Round "1.46"]
[White "Larino Nieto, David"]
[Black "Samu, Sorin-Mihai"]
[Result "1/2-1/2"]
[WhiteElo "2497"]
[BlackElo "2095"]
[PlyCount "142"]
[EventDate "2013.01.22"]
[EventType "swiss"]
[EventRounds "10"]
[EventCountry "ENG"]
[Source "lmi"]
[SourceDate "2013.01.22"]

1. Nf3 c5 2. e4 Nc6 3. b3 Nf6 4. e5 Ng4 5. Bb2 Qc7 6. Qe2 d5 7. h3 Nh6 8. Nc3
e6 9. Nb5 Qd8 10. g4 a6 11. Nd6+ Bxd6 12. exd6 O-O 13. d4 Qxd6 14. Ba3 b6 15.
O-O-O Rd8 16. Bg2 a5 17. dxc5 bxc5 18. Qe3 Nb4 19. c3 Na6 20. Ne5 Bb7 21. f4 a4
22. f5 axb3 23. axb3 Qe7 24. Rhg1 Nb4 25. Bb2 d4 26. cxd4 cxd4 27. Rxd4 Rxd4
28. Qxd4 Rc8+ 29. Kb1 f6 30. Nd3 Bxg2 31. Rxg2 Nxd3 32. Qxd3 exf5 33. Re2 Qc5
34. Qd7 fxg4 35. hxg4 Rf8 36. Bd4 Qc8 37. Qd5+ Nf7 38. Bc5 Rd8 39. Qc4 Qd7 40.
Re7 Qd1+ 41. Kb2 Qd2+ 42. Qc2 Qxc2+ 43. Kxc2 Rc8 44. b4 Ne5 45. Kb3 Nxg4 46.
Bd4 h5 47. b5 h4 48. b6 h3 49. Re1 h2 50. Kb4 Ne5 51. Bxe5 Re8 52. b7 fxe5 53.
Kc5 Kf7 54. Rh1 Kf6 55. Rxh2 e4 56. Kd6 g5 57. Rf2+ Kg6 58. Kd7 Rg8 59. Kc7 g4
60. Rf4 Kg5 61. Rxe4 Rg7+ 62. Kc6 Rxb7 63. Kxb7 g3 64. Kc6 g2 65. Re7 Kf4 66.
Rg7 Kf3 67. Kd5 Kf2 68. Rf7+ Ke1 69. Rg7 Kf2 70. Ke4 g1=Q 71. Rxg1 Kxg1 1/2-1/2

[Event "Tradewise Gibraltar Chess Festival 2013"]
[Site "Gibraltar ENG"]
[Date "2013.01.22"]
[Round "1.48"]
[White "Gunina, Valentina"]
[Black "Kandic, Milan"]
[Result "1-0"]
[WhiteElo "2490"]
[BlackElo "2090"]
[PlyCount "51"]
[EventDate "2013.01.22"]
[EventType "swiss"]
[EventRounds "10"]
[EventCountry "ENG"]
[Source "lmi"]
[SourceDate "2013.01.22"]

1. d4 Nf6 2. c4 d6 3. Nc3 Nbd7 4. e4 e5 5. d5 Nc5 6. f3 a5 7. Be3 Be7 8. Nge2
O-O 9. Ng3 Ne8 10. Qd2 h6 11. Be2 Bg5 12. O-O Bxe3+ 13. Qxe3 g5 14. h4 Ng7 15.
hxg5 hxg5 16. Kf2 Qf6 17. Rh1 Qf4 18. Nb5 Qxe3+ 19. Kxe3 Na6 20. Rh6 f5 21.
exf5 Bxf5 22. Rah1 Kf7 23. Ne4 Bxe4 24. fxe4 Ke7 25. Rg6 Rf7 26. Bg4 1-0

[Event "Tradewise Gibraltar Chess Festival 2013"]
[Site "Gibraltar ENG"]
[Date "2013.01.22"]
[Round "1.48"]
[White "Kozarcanin, Sead"]
[Black "Paehtz, Elisabeth"]
[Result "0-1"]
[WhiteElo "2090"]
[BlackElo "2482"]
[PlyCount "69"]
[EventDate "2013.01.22"]
[EventType "swiss"]
[EventRounds "10"]
[EventCountry "ENG"]
[Source "lmi"]
[SourceDate "2013.01.22"]

1. e4 e6 2. Qe2 Be7 3. Nf3 d5 4. d3 Nf6 5. g3 b6 6. Bg2 c5 7. O-O Nc6 8. Nbd2
Qc7 9. Re1 a5 10. c3 Ba6 11. e5 Nd7 12. h4 h6 13. Nf1 O-O-O 14. a3 a4 15. N1h2
Na5 16. Bf4 Nb8 17. Qc2 Nb3 18. Rad1 Nc6 19. Bf1 Kb7 20. d4 Bxf1 21. Nxf1 cxd4
22. cxd4 Rc8 23. Qd3 Nca5 24. Re2 Rhg8 25. h5 Qd7 26. Bd2 Nc6 27. Be3 g6 28.
Kg2 gxh5 29. Bxh6 h4 30. N1h2 hxg3 31. fxg3 Rg6 32. Bf4 Rh8 33. Rh1 Bd8 34. Nf1
Rhg8 35. Rh7 0-1

[Event "Tradewise Gibraltar Chess Festival 2013"]
[Site "Gibraltar ENG"]
[Date "2013.01.22"]
[Round "1.50"]
[White "Oparin, Grigoriy"]
[Black "Mueller, Hans-Dieter"]
[Result "1-0"]
[WhiteElo "2478"]
[BlackElo "2087"]
[PlyCount "59"]
[EventDate "2013.01.22"]
[EventType "swiss"]
[EventRounds "10"]
[EventCountry "ENG"]
[Source "lmi"]
[SourceDate "2013.01.22"]

1. e4 e6 2. d4 d5 3. Nc3 dxe4 4. Nxe4 Bd7 5. Nf3 Bc6 6. Bd3 Nd7 7. O-O Ngf6 8.
Ng3 Bxf3 9. Qxf3 c6 10. Re1 Be7 11. c3 O-O 12. Bd2 a5 13. Rad1 Re8 14. h4 Nf8
15. a3 Qb6 16. Bc1 Rad8 17. h5 c5 18. dxc5 Qxc5 19. h6 g6 20. Qxb7 Rd5 21. Ne4
Nxe4 22. Bxe4 Rxd1 23. Rxd1 Qe5 24. Be3 Rd8 25. Rxd8 Bxd8 26. g3 Qd6 27. c4 Nd7
28. Kg2 Nc5 29. Qa8 Nxe4 30. Qxe4 1-0

[Event "Tradewise Gibraltar Chess Festival 2013"]
[Site "Gibraltar ENG"]
[Date "2013.01.22"]
[Round "1.51"]
[White "Compton, Alistair"]
[Black "Tischbierek, Raj"]
[Result "0-1"]
[WhiteElo "2087"]
[BlackElo "2472"]
[PlyCount "110"]
[EventDate "2013.01.22"]
[EventType "swiss"]
[EventRounds "10"]
[EventCountry "ENG"]
[Source "lmi"]
[SourceDate "2013.01.22"]

1. e4 Nf6 2. Nc3 d5 3. e5 Ne4 4. Qf3 Nxc3 5. dxc3 c5 6. Be3 e6 7. Qg3 Nc6 8.
Bb5 Qa5 9. Bxc6+ bxc6 10. Bd2 Qa4 11. b3 Qe4+ 12. Kd1 Ba6 13. Kc1 h5 14. h4 Qg4
15. Bf4 Bf1 16. f3 Qxg3 17. Bxg3 a5 18. c4 dxc4 19. Kb2 c3+ 20. Kxc3 Ba6 21.
Nh3 c4 22. a3 cxb3 23. cxb3 Rd8 24. Bf2 Rd3+ 25. Kc2 Rd5 26. Rhe1 Be7 27. Nf4
Rd7 28. g3 Rb7 29. Bd4 O-O 30. Bc3 Rfb8 31. Reb1 Bd8 32. b4 a4 33. Rd1 Be7 34.
Rd4 c5 35. bxc5 Bxc5 36. Rxa4 Bb5 37. Ra5 Bf2 38. Nxh5 Be2 39. Ra4 Rc8 40. Nf4
Bxf3 41. Rf1 Bc6 42. Rc4 Bxg3 43. h5 Kh7 44. Nd3 Ra7 45. Rg1 Bh2 46. Rgg4 Rxa3
47. Kb2 Raa8 48. Rh4 Bg1 49. h6 g6 50. Bb4 Bb5 51. Rxc8 Rxc8 52. Ne1 Rc4 53.
Rxc4 Bxc4 54. Nf3 Be3 55. Be7 Kxh6 0-1

[Event "Tradewise Gibraltar Chess Festival 2013"]
[Site "Gibraltar ENG"]
[Date "2013.01.22"]
[Round "1.52"]
[White "Muzychuk, Mariya"]
[Black "Lindsoe, Fredrik Aunan"]
[Result "1-0"]
[WhiteElo "2471"]
[BlackElo "2064"]
[PlyCount "51"]
[EventDate "2013.01.22"]
[EventType "swiss"]
[EventRounds "10"]
[EventCountry "ENG"]
[Source "lmi"]
[SourceDate "2013.01.22"]

1. e4 c5 2. Nc3 Nc6 3. Bb5 g6 4. Bxc6 dxc6 5. d3 Bg7 6. Be3 b6 7. Qd2 Qc7 8.
O-O-O Bb7 9. f4 Rd8 10. Nf3 Nf6 11. h3 a5 12. g4 Bc8 13. Qf2 h6 14. f5 g5 15.
d4 cxd4 16. Bxd4 Qf4+ 17. Kb1 c5 18. Bxf6 Rxd1+ 19. Rxd1 exf6 20. Nd5 Qb8 21.
e5 fxe5 22. f6 Bf8 23. Nxe5 Be6 24. Qe2 b5 25. Qxb5+ Qxb5 26. Nc7# 1-0

[Event "Tradewise Gibraltar Chess Festival 2013"]
[Site "Gibraltar ENG"]
[Date "2013.01.22"]
[Round "1.53"]
[White "Thornton, John D"]
[Black "Hoang, Thanh Trang"]
[Result "0-1"]
[WhiteElo "2053"]
[BlackElo "2469"]
[PlyCount "50"]
[EventDate "2013.01.22"]
[EventType "swiss"]
[EventRounds "10"]
[EventCountry "ENG"]
[Source "lmi"]
[SourceDate "2013.01.22"]

1. e4 e6 2. d4 d5 3. Nc3 Bb4 4. a3 Bxc3+ 5. bxc3 dxe4 6. Qg4 Nf6 7. Qxg7 Rg8 8.
Qh6 Nbd7 9. Ne2 c5 10. g3 Qa5 11. Qd2 b6 12. Bg2 Ba6 13. O-O cxd4 14. Re1 Rc8
15. Nxd4 Ne5 16. Qf4 Neg4 17. Bd2 e5 18. Rxe4 Kf8 19. Ne6+ fxe6 20. Qf3 Bb7 21.
Rae1 Ke7 22. Qe2 Nxe4 23. Bxe4 Bxe4 24. c4 Bf3 25. Qd3 e4 0-1

[Event "Tradewise Gibraltar Chess Festival 2013"]
[Site "Gibraltar ENG"]
[Date "2013.01.22"]
[Round "1.54"]
[White "Kurmann, Oliver"]
[Black "Christiansmeier, Sven"]
[Result "1-0"]
[WhiteElo "2456"]
[BlackElo "2051"]
[PlyCount "85"]
[EventDate "2013.01.22"]
[EventType "swiss"]
[EventRounds "10"]
[EventCountry "ENG"]
[Source "lmi"]
[SourceDate "2013.01.22"]

1. e4 e5 2. Bc4 Nf6 3. d3 Nc6 4. Nf3 Bc5 5. c3 d6 6. Bb3 h6 7. h3 O-O 8. Nbd2
d5 9. Qe2 dxe4 10. dxe4 Qe7 11. Nf1 Nh5 12. g3 Be6 13. Bc2 f5 14. Nh4 fxe4 15.
Ng6 Qf7 16. Nxf8 Bc4 17. Bb3 Bxb3 18. axb3 Rxf8 19. Be3 Nd4 20. Qc4 Nc2+ 21.
Ke2 Nxa1 22. Bxc5 Nxb3 23. Qxf7+ Rxf7 24. Be3 Rd7 25. Nh2 Nf6 26. Ng4 Nxg4 27.
hxg4 b6 28. Rh4 Na5 29. g5 hxg5 30. Rxe4 Kf7 31. b4 Nc6 32. b5 Ne7 33. Rxe5 Nd5
34. Bd2 g4 35. Re4 Nf6 36. Ra4 Re7+ 37. Kd3 Rd7+ 38. Kc2 Kg6 39. Rxa7 Ne4 40.
Bf4 Nd6 41. Bxd6 Rxd6 42. Rxc7 Kf6 43. Kb3 1-0

[Event "Tradewise Gibraltar Chess Festival 2013"]
[Site "Gibraltar ENG"]
[Date "2013.01.22"]
[Round "1.55"]
[White "Tuchtfeld, Juergen"]
[Black "Cernousek, Lukas"]
[Result "0-1"]
[WhiteElo "2051"]
[BlackElo "2453"]
[PlyCount "56"]
[EventDate "2013.01.22"]
[EventType "swiss"]
[EventRounds "10"]
[EventCountry "ENG"]
[Source "lmi"]
[SourceDate "2013.01.22"]

1. Nf3 Nf6 2. c4 g6 3. g3 d5 4. cxd5 Nxd5 5. Nc3 Bg7 6. Bg2 Nb6 7. O-O Nc6 8.
d3 O-O 9. Be3 e5 10. Rc1 Re8 11. a3 Nd4 12. b4 Bg4 13. Nd2 c6 14. h3 Be6 15.
Nde4 Nd5 16. Nc5 Nxe3 17. fxe3 Nf5 18. Rxf5 gxf5 19. Nxb7 Qg5 20. Kh2 f4 21.
Qe1 Qh6 22. Qf2 fxg3+ 23. Qxg3 Kh8 24. Nc5 Rg8 25. Rf1 f5 26. Qf3 e4 27. Qf4
Qg6 28. d4 Bxd4 0-1

[Event "Tradewise Gibraltar Chess Festival 2013"]
[Site "Gibraltar ENG"]
[Date "2013.01.22"]
[Round "1.57"]
[White "Van Kemenade, Rudy"]
[Black "Akesson, Ralf"]
[Result "0-1"]
[WhiteElo "2043"]
[BlackElo "2441"]
[PlyCount "68"]
[EventDate "2013.01.22"]
[EventType "swiss"]
[EventRounds "10"]
[EventCountry "ENG"]
[Source "lmi"]
[SourceDate "2013.01.22"]

1. e4 c5 2. Nf3 e6 3. d4 cxd4 4. Nxd4 a6 5. Nd2 d6 6. Bd3 Nf6 7. O-O Nbd7 8. c4
g6 9. b3 Bg7 10. Bb2 O-O 11. Rc1 Re8 12. Bb1 b6 13. Rc3 Bb7 14. Rh3 Qc7 15. Qe2
d5 16. Re1 e5 17. N4f3 d4 18. Rc1 Nc5 19. Ne1 Bc8 20. Rg3 Nh5 21. b4 Nxg3 22.
hxg3 Na4 23. Ba1 a5 24. a3 axb4 25. axb4 Bf8 26. Nd3 Nc5 27. bxc5 Rxa1 28. cxb6
Qxb6 29. c5 Qb5 30. Nf4 Qxe2 31. Nxe2 Ba6 32. Kf1 Rc8 33. Nb3 Ra3 34. Nd2 Rxc5
0-1

[Event "Tradewise Gibraltar Chess Festival 2013"]
[Site "Gibraltar ENG"]
[Date "2013.01.22"]
[Round "1.58"]
[White "Zhou, Yang-Fan"]
[Black "Stewart, Ashley"]
[Result "1-0"]
[WhiteElo "2439"]
[BlackElo "2040"]
[PlyCount "149"]
[EventDate "2013.01.22"]
[EventType "swiss"]
[EventRounds "10"]
[EventCountry "ENG"]
[Source "lmi"]
[SourceDate "2013.01.22"]

1. e4 c5 2. Nf3 g6 3. d4 cxd4 4. Nxd4 Bg7 5. c4 Nc6 6. Nc2 Nf6 7. Nc3 d6 8. Be2
O-O 9. O-O Nd7 10. Bd2 a5 11. Na3 Nc5 12. Nab5 Bd7 13. Be3 Ne5 14. Rc1 Bc6 15.
f4 Ned7 16. Bf3 a4 17. Qe2 Qa5 18. Kh1 Rfc8 19. Nd5 Bxd5 20. exd5 Re8 21. Bd4
Bxd4 22. Nxd4 Nf6 23. Rc3 Kf8 24. f5 Qd8 25. fxg6 hxg6 26. Qe3 Kg7 27. Bd1 Rh8
28. h3 Qd7 29. Bc2 Rh5 30. Nf3 Rah8 31. Ng5 Qg4 32. Qxe7 Qxg5 33. Rcf3 Ncd7 34.
Bxa4 Re8 35. Qxd6 Re2 36. Rg3 Qe5 37. Qxe5 Rhxe5 38. Rgf3 Re1 39. Kg1 Rxf1+ 40.
Kxf1 Re4 41. Bb5 Kf8 42. c5 Rb4 43. a4 Ke7 44. c6 bxc6 45. dxc6 Nb6 46. b3 Nfd5
47. Ba6 Nc7 48. Bb7 f5 49. Re3+ Kf6 50. Rd3 Nbd5 51. Ke1 f4 52. Kf2 g5 53. Kf3
Kf5 54. a5 Rb5 55. a6 Ra5 56. Rd4 Ke5 57. Re4+ Kf5 58. Rd4 Ke5 59. Ra4 Rxa4 60.
bxa4 Nb6 61. a5 Nba8 62. Kg4 Kf6 63. a7 Kg6 64. h4 gxh4 65. Kxf4 Kf6 66. Kg4
Kg6 67. Kxh4 Kh6 68. Kg4 Kg6 69. g3 Kf6 70. Kh5 Kg7 71. Kg5 Ne6+ 72. Kf5 Nec7
73. Bxa8 Nxa8 74. Ke6 Kf8 75. Kd7 1-0